000 00401nam a2200157 i 4500
001 75570
003 ES-MaACL
005 20230906172517.0
007 t|
008 040927s1920 fr ||||1| fre d
100 1 _aGrandjean, Frank.
_959609
245 1 3 _aLa raison et la vue /
_cpar Frank Grandjean.
260 _aParis :
_b[s.n.,
_c1920]
300 _a374 p. ;
_c23 cm.
852 _aES-MaACL
_jB-6556
999 _c75570
_d75570